| 000 | 00895nam a22003017a 4500 | ||
|---|---|---|---|
| 003 | CHAP | ||
| 005 | 20220329134313.0 | ||
| 008 | 971013s r 00010 d | ||
| 010 | _a18452 | ||
| 011 | _a19424 | ||
| 035 | _a23509 | ||
| 040 | _cCHAP | ||
| 090 | _aR-2052 | ||
| 100 | 0 | 0 |
_aBogdanski, K. _913412 |
| 245 | _aPotassium content in the black currant fruit | ||
| 500 | _aSobretiro de : Reozniki Panstmowegw Zakladu Higieny | ||
| 590 |
_aBATCH-UPD _b10 _c20130110 _lUCH01 _h0119 |
||
| 590 |
_aBATCH-UPD _b10 _c20130110 _lUCH01 _h1740 |
||
| 590 |
_aCONVERSION _b10 _c20130109 _lUCH01 _h1311 |
||
| 650 | 1 | 4 |
_aPotasio en plantas. _991124 |
| 650 | 1 | 4 |
_aRibes rubrum. _997201 |
| 700 | 0 |
_aBogdanska, H. _913411 |
|
| 700 | 0 |
_aDabrowska, M. _930862 |
|
| 901 | _aBK | ||
| 942 | _cFOLL | ||
| 949 |
_aR-2052 _bBC _cR _d-54681 _eTS1 _i23509 _si |
||
| 949 |
_aR-2052 _bBC _cR _d-54682 _eTS2 _fc.2 _i23509 _si |
||
| 999 |
_c18452 _d18452 |
||